Juárez en Chihuahua /

Siendo presidente de la República, Juárez decidió abandonar la capital, y se encaminó al norte, que había demostrado lealtad a la causa liberal. Este libro habla de cómo el presidente se refugió en el desierto, de su relación con Terrazas, su actuación oficial, su cumpleaños, el homenaje de Colombia...

Fuld beskrivelse

Guardado en:
Bibliografiske detaljer
Hovedforfatter: Tamayo, Jorge L. (autor)
Format: Bog
Sprog:spansk
Udgivet: México : Universidad de Chihuahua, Departamento de Investigaciones, Sección de Historia, 1970, c1970
Fag:
Tags: Tilføj Tag
Ingen Tags, Vær først til at tagge denne postø!

MARC

LEADER 00000nam^a2200000^a^4500
001 000115971
005 20250521000000.0
009 20260310094114.438
037 |a Acervo ITESO - Biblioteca 
041 |a ESP 
082 |a 972. 0511  |b TAM 
100 |a Tamayo, Jorge L.  |e (autor) 
245 1 0 |a Juárez en Chihuahua /  |c J.L. Tamayo ; pról. de Rafael Muñoz. 
264 4 |a México :  |b Universidad de Chihuahua, Departamento de Investigaciones, Sección de Historia,  |c 1970, c1970 
300 |a 560 p. 
336 |a texto  |b txt  |2 rdacontenido 
337 |a sin mediación  |b n  |2 rdamedio 
338 |a volumen  |b nc  |2 rdasoporte 
520 |a Siendo presidente de la República, Juárez decidió abandonar la capital, y se encaminó al norte, que había demostrado lealtad a la causa liberal. Este libro habla de cómo el presidente se refugió en el desierto, de su relación con Terrazas, su actuación oficial, su cumpleaños, el homenaje de Colombia y Juárez y sus amigos de Chihuahua. 
649 |a XX 
650 |a Jefes de Estado Mexicanos 
650 |a Revolucionarios Mexicanos 
650 |a Políticos Mexicanos 
650 |a Chihuahua -  |x Historia -  |y Peregrinación del Gobierno Liberal, 1863-1867 
650 |a Chihuahua -  |x Historia -  |y Intervención y Segundo Imperio, 1861-1867 
650 |a Chihuahua -  |x Historia -  |y Siglo XIX 
650 |a México -  |x Historia -  |y Peregrinación del Gobierno Liberal, 1863-1867 
650 |a México -  |x Historia -  |y Intervención y Segundo Imperio, 1861-1867 
650 |a México -  |x Historia -  |y Siglo XIX 
650 |a Juárez, Benito 
910 |a Fondo Salvador Reynoso Reynoso 
920 |a Impresos - Libros 
930 |a Fondos Especiales 
905 |a 112 
901 |a 0800004155  |b IT2  |c ESP  |u 20250521 
902 |a https://opac.biblio.iteso.mx/vufind/Record/000115971